书目信息 |
| 题名: |
代数K-理论
|
|
| 作者: | 佟文廷 著 | |
| 分册: | ||
| 出版信息: | 南京 南京大学出版社 2005.06 |
|
| 页数: | 341页 | |
| 开本: | 23cm | |
| 丛书名: | ||
| 单 册: | ||
| 中图分类: | O154.3 | |
| 科图分类: | ||
| 主题词: | 代数K理论--dai shu K li lun--高等学校--教材 | |
| 电子资源: | ||
| ISBN: | 7-305-04459-8 | |
| 000 | 01013nam0 2200253 450 | |
| 001 | 012007560305 | |
| 005 | 20070428100137.23 | |
| 010 | @a7-305-04459-8@dCNY34.00 | |
| 100 | @a20070107d2005 km y0chiy0120 ea | |
| 101 | 0 | @achi |
| 102 | @aCN@b320000 | |
| 105 | @aa a 001yy | |
| 200 | 1 | @a代数K-理论@Adai shu K-li lun@d= Algebraic K-theory@f佟文廷著@Ftong wen ting zhu@zeng |
| 210 | @a南京@c南京大学出版社@d2005.06 | |
| 215 | @a341页@c图@d23cm | |
| 300 | @a创建世界高水平大学资助教材 | |
| 320 | @a有书目 (第320-326页) 和索引。 | |
| 330 | @a本书着重介绍了代数K-理论在拓扑学、几何学、数论和算子代数中有重要应用的Kο、K1群及K2群的基本理论,Kο群的三种等价定义,K1群和K2的同调刻画,以及它们之间的正合列等,还介绍了类数计算及K2群计算方面的一些基本结果及近十年来国内外学者得到的一些新成果。 | |
| 510 | 1 | @aAlgebraic K-theory@zeng |
| 606 | 0 | @a代数K理论@Adai shu K li lun@x高等学校@j教材 |
| 690 | @aO154.3@v4 | |
| 701 | 0 | @a佟文廷@Atong wen ting@4著 |
| 801 | 0 | @aCN@c20070428 |
| 905 | @a10447@dO154.3@eT836 | |
| 代数K-理论= Algebraic K-theory/佟文廷著.-南京:南京大学出版社,2005.06 |
| 341页:图;23cm |
| 创建世界高水平大学资助教材 |
| ISBN 7-305-04459-8:CNY34.00 |
| 本书着重介绍了代数K-理论在拓扑学、几何学、数论和算子代数中有重要应用的Kο、K1群及K2群的基本理论,Kο群的三种等价定义,K1群和K2的同调刻画,以及它们之间的正合列等,还介绍了类数计算及K2群计算方面的一些基本结果及近十年来国内外学者得到的一些新成果。 |
| ● |
| 相关链接 |
|
|
|
正题名:代数K-理论
索取号:O154.3/T836
 
预约/预借
| 序号 | 登录号 | 条形码 | 馆藏地/架位号 | 状态 | 备注 |
| 1 | 234489 | 202344891 | 自科库401/401自科库 42排2列3层/ [索取号:O154.3/T836] | 在馆 | |
| 2 | 234490 | 202344908 | 自科库401/401自科库 42排2列3层/ [索取号:O154.3/T836] | 在馆 |